| 000 | 00727cam a2200253 4500 | ||
|---|---|---|---|
| 001 | B2078 | ||
| 008 | 090401t1988 xxu||||| |||| 00| 0 eng d | ||
| 035 | _a(Sirsi) u47906 | ||
| 041 | _aeng | ||
| 050 | _a346.41032 | ||
| 090 | _aRICS 1988/39ABCD | ||
| 110 |
_aInstitution and College Conferences _92330 |
||
| 245 | _aLiability and the chartered surveyor. Albany Hotel, Glasgow 11 October 1988 | ||
| 260 |
_aLondon _bRICS _c1988 |
||
| 300 | _a4 papers | ||
| 350 | _a0 | ||
| 520 | _aPapers by Kindred,Alan , Moynihan,Gerry , Murrells,Paul and Nicholson,Gordon | ||
| 650 | _aABOUT RICS-RICS MEMBERS | ||
| 650 | _aLIABILITY | ||
| 650 | _aNEGLIGENCE | ||
| 650 | _aRISK MANAGEMENT | ||
| 942 | _n0 | ||
| 948 | _c04/03/1997 | ||
| 999 |
_c92243 _d92243 |
||